00482nam a2200121Ia 4500082001200000100001600012245013100028260006300159300001300222504002600235650005000261650004900311 aRR 0267 aRathi, Usha 0aSocio economic impact assessment of women development programme in Rajasthan:bspecial reference to Pali District of Rajasthan c2013bIndian Council of Social Science Research, New Delhi aix, 130p aIncludes Bibliography aWomen development programmezIndiazRajasthan aSocio economic developmentzIndiazRajasthan